000 00299nam a22001337a 4500
008 170315b xxu||||| |||| 00| 0 eng d
020 _a9780131525634
041 _aeng
080 _25 ED
_a591
100 _a7
101 _aSHM
245 _aENTOMOLOGY PEST MANAGEMENT
_cPEDIGO.L.P
942 _2udc
_cBK
999 _c7812
_d7812